|
|
|
|
| LEADER |
00000cam a2200000 4500 |
| 001 |
vtls011840220 |
| 003 |
SK-MaSNL |
| 005 |
20260301184259.0 |
| 008 |
210202s2018 xo hoabgrn 000 0dslo |
| 015 |
|
|
|a SNBA2019/04
|
| 020 |
|
|
|a 9788097145385
|q (viazané)
|
| 035 |
|
|
|a 11B558F1-F74D-4866-B9D7-2FBF81818A6F
|
| 035 |
|
|
|a urn:nbn:sk:snk-am3iedy
|
| 035 |
|
|
|a urn:nbn:sk:snk-am00e6u7
|
| 040 |
|
|
|a SNK
|b slo
|c SNK
|e rda
|
| 041 |
0 |
|
|a slo
|b eng
|b rus
|
| 043 |
|
|
|a e-xo---
|
| 044 |
|
|
|a xo
|c SK
|
| 072 |
|
7 |
|a 94(437.6)
|x Dejiny Slovenska
|2 konspekt
|
| 080 |
|
|
|a 911.375(091)
|2 2011
|
| 080 |
|
|
|a 913
|2 2011
|
| 080 |
|
|
|a 316.728
|2 2011
|
| 080 |
|
|
|a (437.642)
|2 2011
|
| 080 |
|
|
|a (048.8:082)
|2 2011
|
| 100 |
1 |
|
|a Pecník, Marcel,
|d 1983-
|4 aut
|4 edt
|4 pht
|9 99239
|
| 245 |
1 |
0 |
|a Poniky
|c Marcel Pecník, Vladimíra Luptáková a kolektív
|
| 250 |
|
|
|a Vydanie prvé
|
| 264 |
|
1 |
|a Banská Bystrica
|b Agentúra MP, s.r.o.
|b TaKPRo, s.r.o.
|c 2018
|
| 300 |
|
|
|a 239 strán
|b faksimile, fotografie, mapy, tabuľky
|c 33 cm
|
| 336 |
|
|
|a text
|b txt
|2 rdacontent
|
| 336 |
|
|
|a statický obraz
|b sti
|2 rdacontent
|
| 337 |
|
|
|a bez média
|b n
|2 rdamedia
|
| 338 |
|
|
|a zväzok
|b nc
|2 rdacarrier
|
| 366 |
|
|
|e 1000 kusov
|
| 500 |
|
|
|a TaKPPo, s.r.o. Banská Bystrica v spolupráci s Agentúrou MP, s.r.o Banská Bystrica pre obec Poniky
|
| 500 |
|
|
|a K monografii bolo vydané aj DVD s dokumentárnym filmom dokumentaristu a filmára Milana Koseca, ktoré nie je súčasťou publikácie
|
| 500 |
|
|
|a Obsahuje poznámky na strane 235-238
|
| 504 |
|
|
|a Obsahuje bibliografické odkazy na strane 235-238
|
| 546 |
|
|
|a Anglické a ruské resumé
|
| 650 |
0 |
7 |
|a dejiny obcí
|2 SNKPH
|9 164834
|
| 650 |
0 |
7 |
|a Social life
|2 SNKPHeng
|9 265081
|
| 650 |
0 |
7 |
|a regionálna geografia
|2 SNKPH
|9 822
|
| 650 |
0 |
7 |
|a spoločenský život
|2 SNKPH
|9 28654
|
| 650 |
0 |
7 |
|a History of cities and towns
|2 SNKPHeng
|9 267901
|
| 650 |
0 |
7 |
|a Regional geography
|2 SNKPHeng
|9 267552
|
| 651 |
|
7 |
|a Poniky (Slovensko)
|2 SNKPHgeo
|9 16799
|
| 651 |
|
7 |
|a Poniky (Slovakia)
|2 SNKPHeng
|9 422913
|
| 655 |
|
7 |
|a kolektívne monografie
|2 SNKPH
|9 249850
|
| 655 |
|
7 |
|a Collective monographs
|2 SNKPHeng
|9 125747
|
| 700 |
1 |
|
|a Luptáková, Vladimíra,
|d 1981-
|4 aut
|4 edt
|9 253909
|
| 700 |
1 |
|
|a Baranová, Daniela
|4 aut
|9 8030
|
| 700 |
1 |
|
|a Bárdiová, Marianna,
|d 1951-
|4 aut
|9 103413
|
| 700 |
1 |
|
|a Bartková, Jana
|4 aut
|9 357653
|
| 700 |
1 |
|
|a Borguľová, Jana,
|d 1951-
|4 aut
|9 91159
|
| 700 |
1 |
|
|a Čupka, Matúš
|4 aut
|9 560676
|
| 700 |
1 |
|
|a Kiššimon, Michal,
|d 1940-
|4 aut
|9 198356
|
| 700 |
1 |
|
|a Koltonová, Jana
|4 aut
|9 357654
|
| 700 |
1 |
|
|a Kvietok, Martin,
|d 1979-
|4 aut
|9 357655
|
| 700 |
1 |
|
|a Molitoris, Matúš
|4 aut
|9 356599
|
| 700 |
1 |
|
|a Račko, Peter
|4 aut
|9 319492
|
| 700 |
1 |
|
|a Trstenský, Tomáš,
|d 1985-
|4 aut
|4 pht
|9 357657
|
| 700 |
1 |
|
|a Kosec, Milan
|4 pht
|9 5870
|
| 700 |
1 |
|
|a Matula, Ján
|4 pht
|9 272898
|
| 700 |
1 |
|
|a Ondrejko, Pavol
|4 pht
|9 560677
|
| 700 |
1 |
|
|a Poliak, Vladimír
|4 pht
|9 560678
|
| 919 |
|
|
|a 978-80-971453-8-5
|
| 958 |
|
|
|a NB
|
| 999 |
|
|
|c 859986
|d 861916
|
| 952 |
|
|
|a SNK
|b SNK
|y PREZ
|7 0
|p 17A1362893
|o snkSB 94013
|i snk2019/9767
|8 0
|0 0
|1 0
|4 0
|d 2019-04-04
|f 1
|l 0
|r 2025-05-15 00:00:00
|w 2026-02-24
|
| 952 |
|
|
|a SNK
|b SNK
|y VYP
|7 0
|p 17A1362894
|o snkSB 94013 D1
|i snk2019/9768
|8 0
|0 0
|1 0
|4 0
|d 2019-04-04
|l 0
|r 2026-02-24 05:08:56
|w 2026-02-24
|